| 000 | 00447nam a2200157Ia 4500 | ||
|---|---|---|---|
| 008 | 170221s9999 xx 000 0 und d | ||
| 100 | _aMaurice Odine | ||
| 245 | _aYouth in South Africa Bond with Radio | ||
| 245 | _cMaurice Odine | ||
| 260 | _bStudies in Media and Communication | ||
| 260 | _c2016 | ||
| 300 | _a5 : 3 | ||
| 650 | _xCommunication | ||
| 650 | _xMedia Arts | ||
| 856 | _uhttp://redfame.com/journal/index.php/smc/issue/view/82 | ||
| 999 |
_c312913 _d312913 |
||